00225nam a22000977a 4500008004100000082001100041245003800052260000900090300001000099440001800109180802b xxu||||| |||| 00| 0 eng d a813.52 aHabitat for HumanitycLeffers,M.R c2010 a1fCD x9780135027288